<?xml version="1.0" encoding="UTF-8"?>
<record
    xmlns:xsi="http://www.w3.org/2001/XMLSchema-instance"
    xsi:schemaLocation="http://www.loc.gov/MARC21/slim http://www.loc.gov/standards/marcxml/schema/MARC21slim.xsd"
    xmlns="http://www.loc.gov/MARC21/slim">

  <leader>02221nam a22001937a 4500</leader>
  <controlfield tag="008">180208b        xxu||||| |||| 00| 0 eng d</controlfield>
  <datafield tag="020" ind1=" " ind2=" ">
    <subfield code="a">0201128187</subfield>
  </datafield>
  <datafield tag="050" ind1=" " ind2=" ">
    <subfield code="a">RG951.M3145</subfield>
  </datafield>
  <datafield tag="100" ind1=" " ind2=" ">
    <subfield code="a">OLDS, Sally B. </subfield>
  </datafield>
  <datafield tag="245" ind1=" " ind2=" ">
    <subfield code="a">Maternal-newborn nursing:family centered approach. /</subfield>
    <subfield code="c">Sally B. Olds, Marcia L. London, Patricia A. Ladewig</subfield>
  </datafield>
  <datafield tag="250" ind1=" " ind2=" ">
    <subfield code="a">3rd ed.</subfield>
  </datafield>
  <datafield tag="260" ind1=" " ind2=" ">
    <subfield code="a">California:</subfield>
    <subfield code="b">Addison-Wesley Publishing Company, </subfield>
    <subfield code="c">1988.</subfield>
  </datafield>
  <datafield tag="300" ind1=" " ind2=" ">
    <subfield code="a">xxv, 1265p.:</subfield>
    <subfield code="b">ills.;</subfield>
    <subfield code="c">29cm</subfield>
  </datafield>
  <datafield tag="500" ind1=" " ind2=" ">
    <subfield code="a">Includes appendix, glossary, reference directory and index.</subfield>
  </datafield>
  <datafield tag="505" ind1=" " ind2=" ">
    <subfield code="a">Contents: Part one: Contemporary maternity Nursing: Current perspectives on maternal-newborn nursing -- Tools for maternal-newborn nursing -- Part two: The contemporary family: Trends, issues and concerns: Dynamics of family life -- Social issues and the childbearing woman -- Family violence -- Part three: Reproductive organs and related health issues: The reproductive system -- From menarche to menopause: The woman's experience -- Sexuality and reproductive choices -- Special reproductive concerns -- Disorders of the female reproductive system -- Gynecologic surgery -- Rape -- Part four: Pregnancy: Conception and fetal development -- Physical and psychologic changes of pregnancy -- Antepartal nursing assessment -- The expectant couple: needs and care -- Maternal nutrition -- Preparation for parenthood -- Pregnancy at risk -- Diagnostic assessment of fetal status -- Part five: Labor and delivery: Processes and stages of labor and delivery -- Intrapartal nursing assessment -- The family in childbirth: Needs and care -- Maternal analgesia and anesthesia -- The intrapartal family at risk -- Obstetric procedures and the role of the nurse -- Part six: The newborn: Physiologic responses of the newborn to birth -- Neonatal nursing assessment -- The normal newborn: needs and care -- The normal newborn: successful feeding -- The newborn at risk: needs and care -- Complications of the newborn -- Part seven: The postpartal period: Postpartal adaptation and nursing assessment -- The postpartal family: needs and care -- Attachment -- The postpartal family at risk.</subfield>
  </datafield>
  <datafield tag="700" ind1=" " ind2=" ">
    <subfield code="a">LONDON, Marcia L.</subfield>
  </datafield>
  <datafield tag="700" ind1=" " ind2=" ">
    <subfield code="a">LADEWIG, Patricia A.</subfield>
  </datafield>
  <datafield tag="942" ind1=" " ind2=" ">
    <subfield code="2">lcc</subfield>
    <subfield code="c">BK</subfield>
  </datafield>
  <datafield tag="999" ind1=" " ind2=" ">
    <subfield code="c">6493</subfield>
    <subfield code="d">13993</subfield>
  </datafield>
  <datafield tag="952" ind1=" " ind2=" ">
    <subfield code="0">0</subfield>
    <subfield code="1">0</subfield>
    <subfield code="2">lcc</subfield>
    <subfield code="4">0</subfield>
    <subfield code="7">0</subfield>
    <subfield code="a">WIUC-1</subfield>
    <subfield code="b">WIUC-1</subfield>
    <subfield code="c">NURS L.</subfield>
    <subfield code="d">2018-02-08</subfield>
    <subfield code="l">0</subfield>
    <subfield code="o">RG951.M3145</subfield>
    <subfield code="p">NURS/385/047/18</subfield>
    <subfield code="r">2018-02-08 00:00:00</subfield>
    <subfield code="t">1</subfield>
    <subfield code="w">2018-02-08</subfield>
    <subfield code="y">BK</subfield>
  </datafield>
</record>
